01167nam a22003135i 450000100060000000300090000600500170001500700030003200800410003502000180007604000220009408000270011608000110014310000300015424501350018425000120031926000370033130000210036849000550038950000130044450400320045760000640048965000360055370000290058983000630061885200330068199900170071495201220073111021ES-MaACL20250805062542.0t|930601s1993 sp ||||0| spa j a84-7658-394-X aM-BN bspa cM-BN a1 Popper, Karl Raimund a321.011 aPerona, Angeles J.99132010aEntre el liberalismo y la socialdemocracia b: Popper y la "sociedad abierta" / cAngeles J. Perona ; prólogo de Jacobo Muñoz. a1ª ed. aBarcelona : bAnthropos, c1993. a248 p ; c20 cm.1 aPensamiento crítico/pensamiento utópico ; v76 aIndices. aBibliografía: p. 231-239.14aPopper, Karl Raimund-xCrítica e interpretación.993109 4aPolítica-xFilosofía9162741 aMuñoz, Jacobo.91378240 aPensamiento crítico/pensamiento utópico ; v769177290 aES-MaACLjL-18324 bR.121415 c11021d11021 00104070aATENEOMbATENEOMcDEPO2d2008-01-17eSCl0oL-18324p1011239r2023-02-23 00:00:00w2023-02-23yMONOGRAFIA